[Event "MK Cafe Cup-A"]
[Site "Koszalin"]
[Date "1999.08.12"]
[Round "9"]
[White "Kogan, Artur"]
[Black "Radziewicz, Iweta"]
[Result "1-0"]
[WhiteElo "2518"]
[BlackElo "2395"]
[PlyCount "47"]
[EventDate "1999.08.03"]
[Source "ChessBase"]
[SourceDate "1999.12.01"]

1. e4 e6 2. Nf3 d5 3. e5 c5 4. d4 Nc6 5. Bd3 cxd4 6. O-O f6 7. Re1 fxe5 8. Nxe5 Nxe5 9. Rxe5 Ne7 10. Bg5 Qc7 11. Qe2 Nc6 12. Rxd5 g6 13. Na3 Bxa3 14. bxa3 O-O 15. Rb5 a6 16. Rb3 Bd7 17. Be4 Rae8 18. h4 b5 19. Bh6 Rf6 20. h5 Qe5 21. Re1 Ne7 22. hxg6 hxg6 23. Qd2 Nf5 24. Bxf5 1-0

[Event "ROM-chT"]
[Site "?"]
[Date "2000.??.??"]
[Round "2"]
[White "Slovineanu Viacheslav"]
[Black "Negulescu Adrian"]
[Result "1/2-1/2"]
[WhiteElo "2425"]
[BlackElo "2482"]
[PlyCount "24"]
[EventDate "2000.??.??"]
[Source "www.chesslib.no"]
[SourceDate "2004.05.04"]

1. e4 e6 2. d4 d5 3. e5 c5 4. Nf3 Nc6 5. Bd3 Nxd4 6. Nxd4 cxd4 7. O-O Ne7 8. Nd2 Nc6 9. Nf3 Be7 10. a3 f5 11. b4 a6 12. Bb2 Bd7 1/2-1/2

[Event "Zhukov mem"]
[Site "?"]
[Date "2000.??.??"]
[Round "?"]
[White "Slovineanu Viacheslav"]
[Black "Yagupov Igor"]
[Result "1/2-1/2"]
[WhiteElo "2425"]
[BlackElo "2482"]
[PlyCount "75"]
[EventDate "2000.??.??"]
[Source "www.chesslib.no"]
[SourceDate "2004.05.04"]

1. e4 e6 2. d4 d5 3. e5 c5 4. Nf3 Bd7 5. dxc5 Bxc5 6. Bd3 Nc6 7. O-O Qc7 8. Bf4 Nb4 9. Nc3 Ne7 10. Bg3 Nxd3 11. cxd3 Qd8 12. Rc1 Rc8 13. Bh4 h6 14. Na4 Bxa4 15. Qxa4+ Qd7 16. Qxd7+ Kxd7 17. Bxe7 Bxe7 18. Rfd1 Bg5 19. Nxg5 hxg5 20. h3 f6 21. exf6 gxf6 22. f3 Rc6 23. Kf2 e5 24. Ke2 Ke6 25. Rxc6+ bxc6 26. Rc1 Kd6 27. Rh1 f5 28. Kd2 c5 29. b3 d4 30. Rc1 Kd5 31. Rc4 g4 32. hxg4 Rh2 33. gxf5 Rxg2+ 34. Ke1 Rxa2 35. b4 cxb4 36. Rxb4 Ra1+ 37. Ke2 Ra2+ 38. Ke1 1/2-1/2

[Event "AJEC"]
[Site "?"]
[Date "1998.??.??"]
[Round "?"]
[White "Cutillas Ripoll Pascual"]
[Black "Tombette Philippe"]
[Result "1/2-1/2"]
[WhiteElo "2480"]
[BlackElo "2426"]
[PlyCount "87"]
[EventDate "1998.??.??"]
[Source "www.chesslib.no"]
[SourceDate "2004.05.04"]

1. e4 e6 2. d4 d5 3. e5 c5 4. Nf3 Nc6 5. Bd3 cxd4 6. O-O f6 7. Qe2 fxe5 8. Nxe5 Nxe5 9. Qxe5 Nf6 10. Bf4 Bc5 11. Nd2 O-O 12. f3 Ne8 13. Bg3 Bd6 14. Qxd4 Qf6 15. Qxf6 Rxf6 16. Rae1 Bxg3 17. hxg3 Nd6 18. f4 Bd7 19. Nf3 Bb5 20. Nd4 Bxd3 21. cxd3 Re8 22. Rf2 g5 23. Rfe2 gxf4 24. gxf4 Rxf4 25. Nxe6 Rf5 26. Nd4 Rxe2 27. Rxe2 Rf4 28. Ne6 Rf5 29. g4 Rf7 30. Kg2 Re7 31. Kf3 Nf7 32. Kf4 Nd8 33. Nd4 Rxe2 34. Nxe2 Nc6 35. Nc3 Nb4 36. d4 Nd3+ 37. Kf5 Kf7 38. b3 Nb4 39. Ke5 Kg6 40. Nxd5 Nxa2 41. Ne7+ Kf7 42. Nc8 Nc1 43. Nxa7 Nxb3 44. Nb5 1/2-1/2

[Event "EUtch sf"]
[Site "EUtch sf"]
[Date "1992.??.??"]
[Round "?"]
[White "Kogan, Artur"]
[Black "Hertneck, Gerald"]
[Result "0-1"]
[WhiteElo "2370"]
[BlackElo "2530"]
[PlyCount "84"]
[EventDate "1992.??.??"]
[Source "www.chesslib.no"]
[SourceDate "2004.05.04"]

1. e4 e6 2. d4 d5 3. e5 c5 4. Nf3 cxd4 5. Bd3 Nc6 6. O-O Nge7 7. Bf4 Bd7 8. a3 Qc7 9. Re1 f5 10. h4 h6 11. Nbd2 O-O-O 12. b4 g5 13. hxg5 Ng6 14. Bh2 Be7 15. b5 Na5 16. Bxf5 Rdg8 17. Nf1 hxg5 18. Bg4 Nc4 19. Nxd4 Nf4 20. Nf3 Nxa3 21. Nd4 Kb8 22. Qf3 Nxc2 23. Nxc2 Qxc2 24. Reb1 Rf8 25. Qb3 Qxb3 26. Rxb3 Bc5 27. Ra2 Bb6 28. Ne3 Rc8 29. Rb1 Rc5 30. Rab2 d4 31. Nc2 Rxe5 32. Rd1 Rd5 33. Bxf4+ gxf4 34. Ne1 e5 35. Bxd7 Rxd7 36. Nd3 Rdh7 37. Kf1 e4 38. Nxf4 Rh1+ 39. Ke2 d3+ 40. Nxd3 Rxd1 41. Kxd1 exd3 42. f3 Be3 0-1

[Event "Cannes op"]
[Site "Cannes"]
[Date "1998.??.??"]
[Round "5"]
[White "Kogan, Artur"]
[Black "Kovacevic, Blazimir"]
[Result "1-0"]
[WhiteElo "2505"]
[BlackElo "2395"]
[PlyCount "97"]
[EventDate "1998.02.21"]
[Source "ChessBase"]
[SourceDate "1998.04.29"]

1. e4 e6 2. d4 d5 3. e5 c5 4. Nf3 Nc6 5. Bd3 cxd4 6. O-O Nge7 7. Bf4 Ng6 8. Bg3 Be7 9. Re1 O-O 10. h4 f6 11. Bxg6 hxg6 12. Qd3 fxe5 13. Bxe5 Bxh4 14. g3 Rxf3 15. Qxf3 Nxe5 16. Rxe5 Bf6 17. Re2 e5 18. Nd2 Bf5 19. Qb3 Rc8 20. Ne4 Qd7 21. f4 exf4 22. Nxf6+ gxf6 23. Rae1 f3 24. Qxf3 Be4 25. Qxf6 Qh3 26. Qh4 Qxh4 27. gxh4 Bxc2 28. Re8+ Rxe8 29. Rxe8+ Kf7 30. Rd8 Ke6 31. Kf2 Ba4 32. Ke2 Bb5+ 33. Kd2 a5 34. Rb8 Ba6 35. a4 Kf5 36. Rg8 Bc4 37. Rb8 Ba6 38. b3 Kg4 39. Rg8 Kxh4 40. Rxg6 Kh5 41. Rd6 Kg4 42. Rxd5 d3 43. Rxa5 Kf4 44. Rd5 Ke4 45. Rd8 Ke5 46. Kc3 Ke6 47. b4 Ke7 48. Rb8 Kd7 49. b5 1-0

[Event "Süd"]
[Site "?"]
[Date "1997.??.??"]
[Round "?"]
[White "Beikert Guenther"]
[Black "Schlindwein Rolf"]
[Result "1/2-1/2"]
[WhiteElo "2475"]
[BlackElo "2425"]
[PlyCount "71"]
[EventDate "1997.??.??"]
[Source "www.chesslib.no"]
[SourceDate "2004.05.04"]

1. d4 e6 2. e4 d5 3. e5 c5 4. Nf3 cxd4 5. Bd3 Nc6 6. O-O Nge7 7. Re1 Ng6 8. Nbd2 Qc7 9. Bxg6 hxg6 10. Nb3 f6 11. Nbxd4 Nxe5 12. Bf4 Nxf3+ 13. Qxf3 Qb6 14. Qxd5 Kf7 15. Qc4 Bc5 16. Rad1 Rd8 17. Be3 Bxd4 18. Rxd4 Rxd4 19. Bxd4 Qa5 20. Rd1 Qd5 21. Qxd5 exd5 22. f3 Bf5 23. c3 a6 24. Kf2 Rh8 25. h3 g5 26. Bb6 Be6 27. a4 Rc8 28. a5 Rc4 29. Rd2 Ra4 30. Ke3 Ke7 31. b4 Ra1 32. Bc7 Kd7 33. Bb8 Bf7 34. Kd4 Kc6 35. Ba7 Re1 36. Bc5 1/2-1/2

[Event "Match \"]
[Site "Europe"]
[Date "1986.??.??"]
[Round "?"]
[White "Kivisto, Mikko"]
[Black "Tukmakov, Vladimir B"]
[Result "0-1"]
[WhiteElo "2325"]
[BlackElo "2570"]
[PlyCount "61"]
[EventDate "1986.??.??"]
[Source "www.chesslib.no"]
[SourceDate "2004.05.04"]

1. e4 e6 2. d4 d5 3. e5 c5 4. Nf3 cxd4 5. Bd3 Nc6 6. O-O Nge7 7. Bf4 Ng6 8. Bg3 Be7 9. Nbd2 f5 10. exf6 gxf6 11. Re1 e5 12. Nh4 Nxh4 13. Qh5+ Kd7 14. Bxh4 Kc7 15. Bg3 Bd6 16. c3 dxc3 17. bxc3 Be6 18. Rab1 Qg8 19. Qe2 h5 20. f3 Qg7 21. Bh4 Rhg8 22. g3 f5 23. Bb5 e4 24. Kh1 Ne5 25. c4 Rac8 26. f4 Nd3 27. cxd5 Bxd5 28. Bc4 Qf7 29. Bxd5 Qxd5 30. Red1 Kb8 31. Qg2 0-1

[Event "Politiken Cup"]
[Site "Copenhagen DEN"]
[Date "1991.??.??"]
[Round "?"]
[White "Motwani, Paul"]
[Black "Luther, Thomas"]
[Result "0-1"]
[WhiteElo "2425"]
[BlackElo "2470"]
[PlyCount "54"]
[EventDate "1991.??.??"]
[Source "www.chesslib.no"]
[SourceDate "2004.05.04"]

1. e4 e6 2. Nf3 d5 3. e5 c5 4. d4 cxd4 5. Qxd4 Nc6 6. Bb5 Bd7 7. Bxc6 bxc6 8. O-O Ne7 9. Nbd2 Nf5 10. Qf4 Be7 11. Nb3 a5 12. g4 a4 13. gxf5 axb3 14. fxe6 Bxe6 15. cxb3 O-O 16. Kh1 c5 17. Rg1 d4 18. Qh6 g6 19. Rg3 Qd5 20. Kg1 Rfe8 21. Bf4 Bd7 22. Ng5 Bxg5 23. Qxg5 Bc6 24. f3 d3 25. Rd1 Rxa2 26. Rh3 Qd4+ 27. Be3 Rxe5 0-1

[Event "RUS-Cup03 (Geller mem)"]
[Site "Moscow"]
[Date "1999.02.07"]
[Round "6"]
[White "Prokopchuk, Evgeny"]
[Black "Chigvintsev, Andrei"]
[Result "1-0"]
[WhiteElo "2489"]
[BlackElo "2387"]
[PlyCount "76"]
[EventDate "1999.02.10"]
[Source "ChessBase"]
[SourceDate "1999.06.08"]

1. e4 e6 2. d4 d5 3. e5 c5 4. Nf3 Nc6 5. c3 Nge7 6. Be2 Bd7 7. a3 Rc8 8. b4 cxd4 9. cxd4 Ng6 10. h4 Be7 11. g3 Qb6 12. Be3 f5 13. h5 Nf8 14. Nbd2 Nd8 15. Nb3 Ba4 16. Qd3 Bxb3 17. Qxb3 h6 18. Nd2 Nc6 19. Qd3 Nd7 20. Rb1 O-O 21. f4 Qd8 22. Kf2 Nb6 23. g4 Rc7 24. Rbg1 Bh4+ 25. Kf1 Be7 26. gxf5 exf5 27. Rg6 Bxb4 28. axb4 Nxb4 29. Qb3 Rc1+ 30. Kg2 Rxh1 31. Kxh1 Qe7 32. Rd6 Nc6 33. Bf3 Kh7 34. Bf2 Rc8 35. Bxd5 Nxd4 36. Qg3 Ne2 37. Qe3 Rc1+ 38. Kg2 Rc2 1-0

[Event "PanAm Junior, Yucay PER"]
[Site "?"]
[Date "2001.??.??"]
[Round "8"]
[White "Felgaer, R."]
[Black "Schneider, D."]
[Result "1/2-1/2"]
[WhiteElo "2470"]
[BlackElo "2405"]
[PlyCount "43"]
[EventDate "2001.??.??"]
[Source "www.chesslib.no"]
[SourceDate "2004.05.04"]

1. e4 e6 2. Nf3 d5 3. e5 c5 4. d4 Nc6 5. Bd3 cxd4 6. O-O Bc5 7. Bf4 Nge7 8. Nbd2 Ng6 9. Bg3 Bb6 10. Re1 O-O 11. h4 f6 12. Bxg6 hxg6 13. Nb3 fxe5 14. Nxe5 Qf6 15. Qd3 Nb4 16. Qd2 a5 17. Nf3 d3 18. cxd3 Nc6 19. a4 Bd7 20. Rac1 Qe7 21. d4 Qb4 22. Qd3 1/2-1/2

[Event "Budapest FS08 GM"]
[Site "Budapest"]
[Date "1996.??.??"]
[Round "13"]
[White "Aagaard, Jacob"]
[Black "McDonald, Neil R"]
[Result "0-1"]
[WhiteElo "2370"]
[BlackElo "2500"]
[PlyCount "32"]
[EventDate "1996.08.??"]
[Source "ChessBase"]

1. e4 e6 2. d4 d5 3. e5 c5 4. Nf3 cxd4 5. Bd3 Nc6 6. O-O f6 7. Bf4 fxe5 8. Nxe5 Nf6 9. Nd2 Bd6 10. Qe2 O-O 11. Ndf3 Qc7 12. Rae1 Ne4 13. Nxc6 Bxf4 14. Ncxd4 e5 15. Nb3 Bg4 16. Kh1 Ng5 0-1

[Event "zt 2.5 men"]
[Site "Asuncion"]
[Date "2003.09.19"]
[Round "6"]
[White "Flores, Diego"]
[Black "Rojas, Luis"]
[Result "1-0"]
[WhiteElo "2437"]
[BlackElo "2433"]
[PlyCount "81"]
[EventDate "2003.09.13"]
[Source "Roberto Alvarez"]
[SourceDate "2003.09.29"]

1. e4 e6 2. Nf3 d5 3. e5 c5 4. d4 Nc6 5. Bd3 cxd4 6. O-O Bc5 7. Bf4 Nge7 8. Nbd2 Ng6 9. Bg3 f5 10. Nb3 Bb6 11. h4 O-O 12. h5 Nh8 13. Bf4 Nf7 14. Re1 Qe7 15. Qd2 Bd7 16. a3 Kh8 17. g3 Bc7 18. Kg2 Rg8 19. Bxf5 Raf8 20. Bd3 Nh6 21. Nbxd4 Ng4 22. c3 Be8 23. Ng5 Bxe5 24. Ngxe6 Rf6 25. Bxe5 Ncxe5 26. f4 Rxe6 27. Bf5 Bd7 28. Bxe6 Bxe6 29. fxe5 Bf7 30. Rf1 Bxh5 31. Rae1 Bg6 32. Qf4 Nh6 33. e6 Be4+ 34. Kg1 Qe8 35. Qg5 Qg6 36. Qxg6 hxg6 37. Rxe4 dxe4 38. e7 Ng4 39. Rf8 Nf6 40. Ne6 Ne8 41. Ng5 1-0

[Event "Tatran Cup"]
[Site "Stary Smokovec SVK"]
[Date "1987.??.??"]
[Round "?"]
[White "Gross, Stefan"]
[Black "Knezevic, Milorad"]
[Result "1/2-1/2"]
[WhiteElo "2430"]
[BlackElo "2435"]
[PlyCount "31"]
[EventDate "1987.10.??"]
[Source "www.chesslib.no"]
[SourceDate "2004.05.04"]

1. Nf3 e6 2. e4 d5 3. e5 c5 4. d4 cxd4 5. Qxd4 Nc6 6. Qf4 Qc7 7. Bb5 Bd7 8. O-O Nge7 9. Re1 f6 10. Bxc6 Nxc6 11. Nc3 Nxe5 12. Nxe5 fxe5 13. Qxe5 Qxe5 14. Rxe5 Kf7 15. Re2 Bd6 16. Be3 1/2-1/2

[Event "Munich Open 9293"]
[Site "Munich GER"]
[Date "1993.??.??"]
[Round "8"]
[White "Nikolac, Juraj"]
[Black "Zaja, Ivan"]
[Result "0-1"]
[WhiteElo "2460"]
[BlackElo "2405"]
[PlyCount "42"]
[EventDate "1993.??.??"]
[Source "www.chesslib.no"]
[SourceDate "2004.05.04"]

1. e4 e6 2. d4 d5 3. e5 c5 4. Nf3 Nc6 5. c3 Nge7 6. Na3 cxd4 7. cxd4 Nf5 8. Nc2 Qb6 9. Be2 Nb4 10. Ne3 Nxe3 11. fxe3 Bd7 12. O-O Be7 13. a3 Nc6 14. b4 f6 15. Bd2 O-O 16. Rb1 fxe5 17. b5 Nxd4 18. exd4 e4 19. Ne1 Qxd4+ 20. Kh1 Rxf1+ 21. Bxf1 Bc5 0-1

[Event "Reykjavik op"]
[Site "Reykjavik"]
[Date "1982.??.??"]
[Round "?"]
[White "Ivanovic, Bozidar"]
[Black "Solmundarson, Magnus"]
[Result "1-0"]
[WhiteElo "2485"]
[BlackElo "2380"]
[PlyCount "116"]
[EventDate "1982.02.??"]
[Source "ChessBase"]

1. e4 e6 2. d4 d5 3. e5 c5 4. Nf3 Nc6 5. Bd3 cxd4 6. O-O Nge7 7. Bf4 Nf5 8. Nbd2 Be7 9. g4 Nh4 10. Nxh4 Bxh4 11. Nf3 Be7 12. g5 Bd7 13. a3 Qb6 14. b4 O-O-O 15. Qd2 f6 16. Rac1 fxg5 17. Nxg5 Bxg5 18. Bxg5 Rdf8 19. f4 h6 20. Bh4 g5 21. Bg3 gxf4 22. Rxf4 Rfg8 23. Re1 Rg5 24. Rf6 Rhg8 25. Qf4 Ne7 26. Kh1 Ng6 27. Qf2 h5 28. Rf1 h4 29. Bxh4 Nxh4 30. Qxh4 Kb8 31. Rf8+ Bc8 32. Rxg8 Rxg8 33. Qf6 Qc7 34. Rg1 Rxg1+ 35. Kxg1 Qc3 36. h4 Qe1+ 37. Kg2 Qd2+ 38. Qf2 Qh6 39. Qg3 Kc7 40. Kh3 Kd7 41. Qf2 Qh5 42. Bb5+ Kc7 43. Qf6 Bd7 44. Bd3 a6 45. Kg3 Qd1 46. Qf2 Be8 47. Qxd4 Bh5 48. Qc5+ Kb8 49. Qf8+ Kc7 50. Qd6+ Kc8 51. Qxe6+ Kb8 52. Qd6+ Ka7 53. Qc5+ Kb8 54. Qf8+ Ka7 55. Qf2+ b6 56. Kh2 Bf3 57. e6 d4 58. Bf1 Bc6 1-0

[Event "HUN Ch"]
[Site "HUN"]
[Date "1986.??.??"]
[Round "?"]
[White "Utasi, Tamas"]
[Black "Portisch, Ferenc"]
[Result "1/2-1/2"]
[WhiteElo "2440"]
[BlackElo "2420"]
[PlyCount "80"]
[EventDate "1986.04.??"]
[Source "www.chesslib.no"]
[SourceDate "2004.05.04"]

1. e4 e6 2. d4 d5 3. e5 c5 4. Nf3 Ne7 5. Bf4 Ng6 6. Bg3 Nc6 7. h4 cxd4 8. h5 Nge7 9. Bd3 h6 10. Nbd2 Nf5 11. Bxf5 exf5 12. O-O Be7 13. Nb3 Bg5 14. Bh2 O-O 15. Nbxd4 f4 16. Qd2 Nxd4 17. Nxd4 f3 18. Qd3 fxg2 19. Kxg2 Qd7 20. f4 Qg4+ 21. Kh1 Be7 22. f5 Qxh5 23. Rf3 Bc5 24. c3 Bxd4 25. cxd4 Bd7 26. Rg1 Rac8 27. Rf4 Rc6 28. Qg3 g5 29. Rh4 Qe2 30. Qh3 Rg6 31. Rxh6 Qe4+ 32. Rg2 Rxh6 33. Qxh6 Bxf5 34. Qxg5+ Bg6 35. Qf4 Kh7 36. Kg1 Qe1+ 37. Qf1 Qe3+ 38. Qf2 Qc1+ 39. Qf1 Rc8 40. Bf4 Qxf1+ 1/2-1/2

[Event "Open"]
[Site "?"]
[Date "1998.04.12"]
[Round "8"]
[White "Korneev Oleg"]
[Black "Contin Daniel"]
[Result "1-0"]
[WhiteElo "2560"]
[BlackElo "2300"]
[PlyCount "127"]
[EventDate "1998.??.??"]
[Source "www.chesslib.no"]
[SourceDate "2004.05.04"]

1. e4 e6 2. d4 d5 3. e5 c5 4. Nf3 Nc6 5. Bd3 cxd4 6. O-O Nge7 7. Bf4 Ng6 8. Bg3 f5 9. exf6 gxf6 10. Nxd4 Nxd4 11. Bxg6+ hxg6 12. Qxd4 Be7 13. Nc3 Qb6 14. Qg4 Kf7 15. Rfe1 d4 16. Na4 Qc6 17. Qxd4 e5 18. Qe4 Qxe4 19. Rxe4 Bf5 20. Re2 Rac8 21. Nc3 Bc5 22. Ne4 Rhd8 23. Kf1 Bb6 24. f3 Be6 25. b3 Bd4 26. Rd1 Ke7 27. Bf2 Bxf2 28. Rxd8 Rxd8 29. Nxf2 b5 30. Ke1 g5 31. Rd2 Rh8 32. h3 Bf5 33. Kd1 Rc8 34. Kc1 Rc3 35. Nd1 Rc5 36. Kb2 a6 37. a3 Bc8 38. Ne3 Bb7 39. c4 bxc4 40. Nxc4 Bd5 41. Ne3 Be6 42. Rc2 Rb5 43. Rc3 Rb8 44. a4 f5 45. Kc2 f4 46. Ng4 Bf5+ 47. Kb2 Kd6 48. Nf2 Kd5 49. Rc7 Kd4 50. Rc3 Rb6 51. Ng4 e4 52. fxe4 Bxe4 53. g3 Rc6 54. Rxc6 Bxc6 55. gxf4 gxf4 56. h4 Bd7 57. Nh2 Ke3 58. h5 f3 59. h6 Bf5 60. b4 f2 61. b5 axb5 62. axb5 Kf4 63. b6 Bh3 64. b7 1-0

[Event "Belgrade 8th march (Women) 33rd"]
[Site "Belgrade"]
[Date "2000.03.05"]
[Round "3"]
[White "Skripchenko Lautier, Almira"]
[Black "Matveeva, Svetlana"]
[Result "0-1"]
[WhiteElo "2444"]
[BlackElo "2414"]
[PlyCount "56"]
[EventDate "2000.03.03"]
[Source "ChessBase"]
[SourceDate "2000.05.11"]

1. e4 e6 2. d4 d5 3. e5 c5 4. Nf3 cxd4 5. Bd3 Nc6 6. O-O Nge7 7. Re1 Ng6 8. g3 Qc7 9. Qe2 Be7 10. h4 f6 11. Bxg6+ hxg6 12. Bf4 Qb6 13. Qd3 Kf7 14. Bc1 Bd7 15. a3 Rae8 16. Nbd2 Qc7 17. exf6 gxf6 18. Nxd4 Nxd4 19. Qxd4 Qxc2 20. Qxa7 Bc6 21. Qe3 e5 22. b4 g5 23. Nf3 gxh4 24. Re2 Qf5 25. Bb2 hxg3 26. Bxe5 d4 27. Qb3+ Kg6 28. Bxf6 Bxf6 0-1

[Event "YUG-ch op"]
[Site "?"]
[Date "1996.??.??"]
[Round "2"]
[White "Lazarevic Slobodan"]
[Black "Drasko Milan"]
[Result "1/2-1/2"]
[WhiteElo "2350"]
[BlackElo "2505"]
[PlyCount "48"]
[EventDate "1996.??.??"]
[Source "www.chesslib.no"]
[SourceDate "2004.05.04"]

1. e4 e6 2. d4 d5 3. e5 c5 4. Nf3 cxd4 5. Bd3 Nc6 6. O-O Qc7 7. Bf4 f5 8. h4 Nh6 9. Re1 Ng4 10. Nbd2 Bc5 11. Qe2 O-O 12. g3 Bd7 13. Nh2 Nxh2 14. Kxh2 Nb4 15. Nb3 Bb6 16. Rec1 Rac8 17. Bd2 Nc6 18. Re1 a5 19. a4 Qd8 20. f4 Qe7 21. Rg1 Be8 22. Qe1 Nb4 23. Bxb4 Qxb4 24. Qxb4 axb4 1/2-1/2

[Event "Open, Lisbon POR"]
[Site "?"]
[Date "2001.??.??"]
[Round "2"]
[White "Kogan, A."]
[Black "Carrasco Martinez, J."]
[Result "1/2-1/2"]
[WhiteElo "2515"]
[BlackElo "2340"]
[PlyCount "152"]
[EventDate "2001.??.??"]
[Source "www.chesslib.no"]
[SourceDate "2004.05.04"]

1. e4 e6 2. d4 d5 3. e5 c5 4. Nf3 Nc6 5. Bd3 cxd4 6. O-O Bc5 7. Bf4 Nge7 8. Re1 Ng6 9. Bg3 f6 10. Nbd2 Kf7 11. h4 Ngxe5 12. Bxe5 Nxe5 13. Nxe5+ fxe5 14. Qh5+ g6 15. Qxe5 Qf6 16. Qg3 Rd8 17. Nf3 Bd6 18. Ne5+ Kg7 19. Re2 Rf8 20. h5 Qf4 21. Qxf4 Rxf4 22. hxg6 Bxe5 23. Rxe5 hxg6 24. Rae1 Bd7 25. Rg5 Rf6 26. Ree5 a6 27. Rg4 Bb5 28. Rxd4 Bxd3 29. Rxd3 Rc8 30. c3 Rc4 31. g3 Rc6 32. Rd4 Rf5 33. Re2 Rf8 34. Rb4 b5 35. a4 bxa4 36. Rxa4 Rb8 37. Kg2 g5 38. Rg4 Kf6 39. f4 gxf4 40. Rxf4+ Ke7 41. g4 Rcb6 42. Rff2 a5 43. Kg3 a4 44. g5 a3 45. bxa3 Rb3 46. Rf3 Rxa3 47. Ree3 Rg8 48. Kg4 Ra4+ 49. Rf4 Ra1 50. Rg3 e5 51. Rb4 Rf1 52. Rb6 Kf7 53. Rd6 d4 54. cxd4 Rf4+ 55. Kh5 Rxd4 56. g6+ Kg7 57. Re6 e4 58. Re7+ Kf6 59. Rf7+ Ke6 60. Kh6 Rd3 61. Rg4 Rh3+ 62. Kg5 e3 63. Rf6+ Ke5 64. Rf5+ Kd6 65. Rd4+ Ke6 66. Re4+ Kd6 67. Rd4+ Ke6 68. Re4+ Kd6 69. Rf6+ Kd5 70. Ree6 Kd4 71. Rd6+ Kc3 72. Kg4 e2 73. Rde6 Rh6 74. Kg5 Rhxg6+ 75. Rxg6 Rxg6+ 76. Kxg6 Kd2 1/2-1/2

[Event "4. NRW Klasse 2 0304"]
[Site "Germany"]
[Date "2003.10.12"]
[Round "2.1"]
[White "Dranov, Alexander"]
[Black "Feygin, Michail"]
[Result "1/2-1/2"]
[WhiteElo "2359"]
[BlackElo "2491"]
[PlyCount "49"]
[EventDate "2004.01.11"]
[Source "Roberto Alvarez"]
[SourceDate "2004.01.26"]

1. e4 e6 2. d4 d5 3. e5 c5 4. Nf3 Nc6 5. Bd3 cxd4 6. Bf4 Qb6 7. Nbd2 Qxb2 8. Nb3 Qa3 9. O-O Nge7 10. Nfxd4 a6 11. Bb5 axb5 12. Nxb5 Qa4 13. Nd6+ Kd8 14. Be3 Nxe5 15. Bb6+ Kd7 16. Nxf7 N7g6 17. Nxh8 Nxh8 18. Qh5 Qf4 19. Bd4 Nhg6 20. Rfe1 Nc6 21. g3 Qf5 22. Qxh7 Ke8 23. Re3 Kf7 24. Nd2 Nxd4 25. c3 1/2-1/2

[Event "SVK-chT 9899"]
[Site "?"]
[Date "1999.??.??"]
[Round "8"]
[White "Mrva Martin"]
[Black "Koutsin Sergey"]
[Result "0-1"]
[WhiteElo "2435"]
[BlackElo "2415"]
[PlyCount "156"]
[EventDate "1999.??.??"]
[Source "www.chesslib.no"]
[SourceDate "2004.05.04"]

1. e4 e6 2. d4 d5 3. e5 c5 4. Nf3 Nc6 5. Bd3 cxd4 6. O-O Nge7 7. Bf4 Ng6 8. Bg3 Be7 9. Nbd2 f5 10. exf6 gxf6 11. Nh4 Kf7 12. f4 Kg7 13. Ndf3 Bd6 14. f5 Nxh4 15. Bxh4 e5 16. Ng5 fxg5 17. Qh5 gxh4 18. f6+ Kf8 19. Bxh7 Be6 20. Qg6 Qc7 21. f7 Bxf7 22. Rxf7+ Qxf7 23. Rf1 Qxf1+ 24. Kxf1 Be7 25. a3 Rxh7 26. Qxh7 Rd8 27. b4 a6 28. Ke2 Rd6 29. Qh8+ Kf7 30. Qc8 Nd8 31. Kd3 b5 32. g4 hxg3 33. hxg3 Ne6 34. Qh8 e4+ 35. Ke2 Ng5 36. Qxd4 Ne6 37. Qh8 Ng7 38. Qc8 Kf6 39. Qg4 Ne6 40. Qh4+ Kf7 41. Qh5+ Kf6 42. Qh4+ Ng5 43. Qf4+ Kg6 44. Qe5 Kf7 45. c3 Ke8 46. Qh8+ Kd7 47. Qd4 Ne6 48. Qe5 Bg5 49. Qf5 d4 50. cxd4 Rxd4 51. Qf7+ Be7 52. Qf5 Kd6 53. Qg6 Bg5 54. Qe8 Rd2+ 55. Ke1 e3 56. Qb8+ Kd5 57. Qa8+ Ke5 58. Qh8+ Ke4 59. Qh7+ Ke5 60. Qh8+ Kd6 61. Qb8+ Kd7 62. Qb7+ Nc7 63. Qe4 Rd5 64. Qh7+ Kd6 65. Qg8 Kc6 66. Qg6+ Kb7 67. Qe4 Kb8 68. Qg6 Kc8 69. Qh7 Ne6 70. Qg8+ Kd7 71. Qa8 Rd6 72. Qb7+ Ke8 73. Qe4 Kd8 74. Qa8+ Ke7 75. Qe4 Kf6 76. Qf3+ Ke5 77. Qg4 Rd3 78. a4 Rd4 0-1

[Event "Hoogovens-B"]
[Site "Wijk aan Zee"]
[Date "1985.??.??"]
[Round "8"]
[White "Hodgson, Julian M"]
[Black "De Wit, Johannes S"]
[Result "1-0"]
[WhiteElo "2455"]
[BlackElo "2395"]
[PlyCount "83"]
[EventDate "1985.01.??"]
[Source "ChessBase"]

1. e4 e6 2. d4 d5 3. e5 c5 4. Nf3 Nc6 5. Bd3 cxd4 6. O-O Bc5 7. Nbd2 Nge7 8. Nb3 Bb6 9. Bf4 Ng6 10. Bg3 f6 11. Re1 Bd7 12. Qe2 O-O 13. Bxg6 hxg6 14. Rad1 Rc8 15. a3 a6 16. Qd3 Kf7 17. Rd2 Ne7 18. Nbxd4 Nf5 19. Nxf5 gxf5 20. exf6 gxf6 21. Nh4 Rc6 22. c4 d4 23. b4 Bc8 24. c5 Bc7 25. Bxc7 Rxc7 26. Qb3 b6 27. Nxf5 bxc5 28. bxc5 Rxc5 29. Rxd4 Rxf5 30. Rxd8 Rxd8 31. h3 Rfd5 32. Rc1 Bd7 33. Rc7 Kg6 34. Qg3+ Kf7 35. Qb3 Kg6 36. Qc2+ f5 37. Ra7 Bb5 38. Qc3 R8d7 39. Qg3+ Kf7 40. Ra8 Rd8 41. Qc7+ Ke8 42. Rxd8+ 1-0

[Event "Bayamo"]
[Site "Bayamo"]
[Date "1981.??.??"]
[Round "3"]
[White "Vera, Reynaldo G"]
[Black "Hernandez, Roman O"]
[Result "1-0"]
[WhiteElo "2455"]
[BlackElo "2390"]
[PlyCount "81"]
[EventDate "1981.??.??"]
[Source "www.chesslib.no"]
[SourceDate "2004.05.04"]

1. d4 e6 2. e4 d5 3. e5 c5 4. Nf3 Qb6 5. Bd3 Bd7 6. dxc5 Bxc5 7. O-O Bb5 8. Nc3 Bc6 9. Rb1 Qc7 10. Qe2 Ne7 11. b4 Bb6 12. b5 Bd7 13. Na4 Na6 14. Rb3 Nc5 15. Rc3 Nxd3 16. Rxc7 Nxc1 17. Rxc1 Bxc7 18. Nc5 Bc8 19. c4 O-O 20. Qd3 b6 21. Nb3 Bb7 22. c5 Ng6 23. c6 Bc8 24. Re1 f6 25. exf6 gxf6 26. a4 Nf4 27. Qd2 Rd8 28. g3 Ng6 29. Qh6 Rf8 30. Qd2 Ne7 31. Qb4 Rf7 32. Ra1 a5 33. bxa6 Nxc6 34. Qg4+ Kf8 35. Rc1 e5 36. Qh5 Bd7 37. Qh6+ Kg8 38. Qd2 d4 39. Qe2 Ra7 40. Qe4 Nb8 41. Rxc7 1-0

[Event "CSR-ch"]
[Site "Frenstat"]
[Date "1982.??.??"]
[Round "14"]
[White "Sikora Lerch, Jan"]
[Black "Ambroz, Jan"]
[Result "1-0"]
[WhiteElo "2415"]
[BlackElo "2430"]
[PlyCount "45"]
[EventDate "1982.09.??"]
[Source "ChessBase"]

1. e4 e6 2. d4 d5 3. e5 c5 4. Nf3 Nc6 5. Bd3 cxd4 6. O-O f6 7. Bb5 Bd7 8. Bxc6 bxc6 9. Qxd4 Qb6 10. Qh4 O-O-O 11. Be3 c5 12. b4 g5 13. bxc5 Bxc5 14. Bxc5 Qxc5 15. Qg3 h5 16. exf6 Nxf6 17. Qxg5 Ng4 18. Nbd2 Qc7 19. c4 d4 20. Rab1 Rdg8 21. Qe7 Nxh2 22. Rfe1 Ng4 23. Ne4 1-0

[Event "Toronto op"]
[Site "Toronto"]
[Date "1998.05.15"]
[Round "3"]
[White "Stripunsky, Alexander"]
[Black "Milicevic, Goran"]
[Result "1-0"]
[WhiteElo "2475"]
[BlackElo "2370"]
[PlyCount "63"]
[EventDate "1998.05.14"]
[Source "ChessBase"]
[SourceDate "1998.09.09"]

1. e4 e6 2. d4 d5 3. e5 c5 4. Nf3 Nc6 5. Bd3 Bd7 6. O-O Rc8 7. dxc5 Bxc5 8. a3 Nge7 9. b4 Bb6 10. Nbd2 Ng6 11. Bxg6 hxg6 12. c4 g5 13. cxd5 exd5 14. Nb3 g4 15. Ng5 Rh5 16. e6 Bxe6 17. Nxe6 fxe6 18. Qxg4 Rf5 19. Qg6+ Kd7 20. Qxg7+ Qe7 21. Qxe7+ Nxe7 22. Be3 e5 23. Bc5 Ng6 24. Rad1 d4 25. Rfe1 Kc6 26. Rxd4 Bxc5 27. bxc5 Nf4 28. Rd6+ Kb5 29. Re4 b6 30. Rb4+ Ka6 31. cxb6 Rg8 32. b7# 1-0

[Event "IBM-B"]
[Site "Amsterdam"]
[Date "1979.??.??"]
[Round "5"]
[White "Van Wijgerden, Cornelis"]
[Black "Van der Sterren, Paul"]
[Result "1/2-1/2"]
[WhiteElo "2445"]
[BlackElo "2400"]
[PlyCount "39"]
[EventDate "1979.07.??"]
[Source "ChessBase"]

1. e4 e6 2. d4 d5 3. e5 c5 4. Nf3 Nc6 5. Bd3 cxd4 6. O-O Bc5 7. Nbd2 Nge7 8. Nb3 Bb6 9. Bf4 Ng6 10. Bg3 O-O 11. Bxg6 fxg6 12. Nbxd4 Nxd4 13. Nxd4 Bd7 14. c3 Rc8 15. f3 Bc5 16. Qd2 b5 17. Bf2 Qc7 18. Rfe1 a5 19. a3 Be7 20. Nc2 1/2-1/2